[Event "Hazel Park (MCO/5/16)"]
[Site "?"]
[Date "1987.??.??"]
[Round "?"]
[White "Nikolovski, Oliver"]
[Black "Jarosz, Stan"]
[Result "1-0"]
[WhiteElo "1940"]
[BlackElo "2090"]
[PlyCount "101"]
[EventDate "1987.??.??"]

{5/(16)} 1. e4 c6 2. Nc3 d5 3. Nf3 Bg4 4. d4 Nf6 5. e5 Ne4 6. h3 Nxc3 7. bxc3
Bxf3 8. Qxf3 e6 9. a4 Be7 10. Qg3 g6 11. h4 Nd7 12. h5 g5 13. h6 c5 14. Rh5
cxd4 15. cxd4 Qc7 16. Kd1 Rc8 17. Qb3 f6 18. exf6 Bxf6 19. Be3 Qc3 20. Qxc3
Rxc3 21. Kd2 Rc7 22. c3 Rg8 23. a5 a6 24. f4 gxf4 25. Bxf4 Rc6 26. g3 Bd8 27.
Bd3 Nf6 28. Rhh1 Bc7 29. Rhe1 Bxf4+ 30. gxf4 Rg2+ 31. Re2 Rxe2+ 32. Kxe2 Rxc3
33. Rg1 Rc7 34. f5 exf5 35. Bxf5 Rf7 36. Kd3 Ke7 37. Re1+ Ne4 38. Bxe4 dxe4+
39. Kxe4 Rf6 40. Rb1 Rxh6 41. Rxb7+ Kd8 42. d5 Kc8 43. Ra7 Kb8 44. Rg7 Kc8 45.
Ke5 Kd8 46. Kd4 Kc8 47. Kc5 Kb8 48. d6 Rh1 49. Rg8+ Kb7 50. d7 Rc1+ 51. Kb4 1-0

[Event "Hazel Park (MCO/3/11)"]
[Site "?"]
[Date "1987.??.??"]
[Round "?"]
[White "Nikolovski, Oliver"]
[Black "Finegold, Ron"]
[Result "0-1"]
[WhiteElo "1940"]
[BlackElo "2225"]
[PlyCount "136"]
[EventDate "1987.??.??"]

{3/(11)} 1. d4 e6 2. e4 c5 3. c3 cxd4 4. cxd4 Nf6 5. Nc3 Bb4 6. Bd3 d5 7. e5
Ne4 8. Qc2 Qa5 9. Nge2 Nxc3 10. bxc3 Be7 11. O-O Bd7 12. Bd2 Qa4 13. Qb2 b6 14.
a3 Qc6 15. a4 Qc7 16. Rfc1 Qd8 17. c4 Bc6 18. a5 Nd7 19. axb6 Nxb6 20. c5 Nc4
21. Qc3 Nxd2 22. Qxd2 O-O 23. Ra3 h6 24. Rca1 Qd7 25. Bb1 Rfb8 26. Qc2 g6 27.
Rh3 Bf8 28. Nf4 Bg7 29. Rg3 Rb7 30. Nh5 Qe8 31. Nxg7 Kxg7 32. Rb3 Rab8 33. Rxb7
Rxb7 34. h3 Qb8 35. Qc1 a5 36. Kh2 a4 37. Bc2 Ra7 38. Qa3 Qb5 39. Bd3 Qa5 40.
Rb1 Qd2 41. Kg1 Rb7 42. Rb6 Rc7 43. g3 f6 44. exf6+ Kxf6 45. Kg2 Kg7 46. Rb2
Qc1 47. Ra2 Qxa3 48. Rxa3 Rb7 49. f4 Rb4 50. Kf3 Rxd4 51. Ke3 Rb4 52. h4 Kf6
53. Kd2 d4 54. Kc2 Bd5 55. g4 g5 56. hxg5+ hxg5 57. fxg5+ Kxg5 58. Be2 e5 59.
Ra1 Be4+ 60. Bd3 Rc4+ 61. Kd2 Bxd3 62. Kxd3 Rxc5 63. Ke4 Ra5 64. Kf3 a3 65. Ra2
Ra4 66. Ke4 Kxg4 67. Rg2+ Kh3 68. Ra2 Kg3 0-1

[Event "Hazel Park (MCO/2/38)"]
[Site "?"]
[Date "1987.??.??"]
[Round "?"]
[White "Nikitin, Mike"]
[Black "Ruark, D.."]
[Result "0-1"]
[WhiteElo "1605"]
[BlackElo "1695"]
[PlyCount "92"]
[EventDate "1987.??.??"]

{2/(38)} 1. e4 c5 2. Bc4 Nc6 3. Nf3 e6 4. O-O g6 5. c3 Bg7 6. d4 cxd4 7. cxd4
d5 8. exd5 exd5 9. Re1+ Be6 10. Bb3 Nge7 11. Nc3 O-O 12. Be3 Bg4 13. Ne2 Bxf3
14. gxf3 Qd7 15. Ng3 Rac8 16. Ba4 a6 17. Bxc6 Rxc6 18. Qd2 Rfc8 19. Rac1 Nf5
20. Nxf5 Qxf5 21. Rxc6 Rxc6 22. Bh6 Re6 23. Rxe6 Qxe6 24. Bxg7 Kxg7 25. Qe3 h5
26. Qxe6 fxe6 27. f4 Kf6 28. Kg2 Kf5 29. Kf3 g5 30. fxg5 Kxg5 31. h3 e5 32.
dxe5 Kf5 33. Ke3 Kxe5 34. b3 h4 35. a3 b5 36. a4 bxa4 37. bxa4 a5 38. Kd3 d4
39. Kc4 Ke4 40. f4 d3 41. Kc3 Ke3 42. f5 d2 43. f6 d1=Q 44. f7 Qf1 45. Kb2 Qxf7
46. Ka3 Qf4 0-1

[Event "Hazel Park (MCO/5/44)"]
[Site "?"]
[Date "1987.??.??"]
[Round "?"]
[White "Nikitin, Mike"]
[Black "Jones, D.."]
[Result "1-0"]
[WhiteElo "1605"]
[BlackElo "1605"]
[PlyCount "39"]
[EventDate "1987.??.??"]

{5/(44)} 1. e4 e5 2. f4 f6 3. fxe5 fxe5 4. Qh5+ g6 5. Qxe5+ Be7 6. Qxh8 Kf8 7.
Bc4 Ke8 8. Qxg8+ Bf8 9. Nf3 Qe7 10. d3 Nc6 11. O-O Qc5+ 12. Kh1 d6 13. Bf7+ Kd7
14. Qxf8 d5 15. Qxc5 dxe4 16. Qd5+ Ke7 17. Bg5+ Kf8 18. Qc5+ Kxf7 19. Ne5+ Kg7
20. Qf8# 1-0

[Event "Hazel Park (MCO/1/27)"]
[Site "?"]
[Date "1987.??.??"]
[Round "?"]
[White "Nikitin, M.."]
[Black "Selitsky, B.."]
[Result "0-1"]
[WhiteElo "1605"]
[BlackElo "1965"]
[PlyCount "60"]
[EventDate "1987.??.??"]

{1/(27)} 1. e4 c5 2. Nf3 Nc6 3. Bc4 e6 4. Nc3 g6 5. d3 Bg7 6. O-O Nge7 7. Be3
d6 8. a3 O-O 9. Qd2 Nd4 10. Rac1 d5 11. Bb3 Nxf3+ 12. gxf3 d4 13. Bg5 dxc3 14.
bxc3 Qc7 15. f4 Nc6 16. Rce1 b5 17. e5 Ne7 18. c4 bxc4 19. dxc4 Bb7 20. Rc1 Nf5
21. c3 h6 22. Bf6 Bxf6 23. exf6 Qc6 24. f3 Nh4 25. Qe3 Nxf3+ 26. Kf2 Nh4 27.
Qh3 Qf3+ 28. Qxf3 Nxf3 29. h3 Nd2 30. Rg1 Nxb3 {[Remainder illegible; 0-1, 44?]
} 0-1

[Event "Hazel Park (MCO/5/20)"]
[Site "?"]
[Date "1987.??.??"]
[Round "?"]
[White "Naidovich, A.."]
[Black "Mooney, E.."]
[Result "0-1"]
[WhiteElo "1605"]
[BlackElo "1975"]
[PlyCount "78"]
[EventDate "1987.??.??"]

{5/(20)} 1. e4 e5 2. Nc3 Nc6 3. Bc4 Nf6 4. Nf3 Bc5 5. Ng5 O-O 6. Qf3 Nd4 7. Qd3
d5 8. Nxd5 Nxd5 9. exd5 Qxg5 10. O-O Bf5 11. Qc3 Be4 12. Qg3 Qxg3 13. hxg3 Nxc2
14. d3 Bxd5 15. Rb1 Bxc4 16. dxc4 Rad8 17. b3 Nb4 18. Ba3 Rd2 19. Bb2 Nd3 20.
Bc3 Rxf2 21. Rxf2 Bxf2+ 22. Kh2 e4 23. Rd1 Rd8 24. g4 e3 25. g3 e2 26. Rb1 Bd4
27. Bd2 Bc5 28. Kg2 Bb4 29. Kf3 Re8 30. Bxb4 Nxb4 31. Re1 Nxa2 32. Rxe2 Rxe2
33. Kxe2 Nc1+ 34. Kd2 Nxb3+ 35. Kc3 Na5 36. Kb4 Nxc4 37. Kxc4 a5 38. Kb5 b6 39.
g5 c5 0-1

[Event "Hazel Park (MCO/2/23)"]
[Site "?"]
[Date "1987.??.??"]
[Round "?"]
[White "Naidovich, A.."]
[Black "Eagle, Chris"]
[Result "0-1"]
[WhiteElo "1605"]
[BlackElo "1975"]
[PlyCount "62"]
[EventDate "1987.??.??"]

{2/(23)} 1. e4 c5 2. c4 Nc6 3. Nf3 g6 4. a3 Bg7 5. Qb3 d6 6. Qc2 Nf6 7. Nc3 O-O
8. Qd3 Bg4 9. h4 Nd7 10. Nh2 Nde5 11. Qg3 Be6 12. d3 Nd4 13. Ra2 b5 14. b3 Nxb3
15. Bb2 bxc4 16. Be2 Nd4 17. O-O Nxe2+ 18. Nxe2 cxd3 19. Nc3 Bxa2 20. Nxa2 Rb8
21. Bc3 Rb3 22. a4 Nc6 23. Qxd3 Bxc3 24. Nxc3 Qa5 25. Rc1 Rfb8 26. Nf3 Ra3 27.
Nd2 Nd4 28. Kf1 Qxa4 29. Qg3 Ra1 30. Ndb1 Rbxb1 31. Nxb1 Qb5+ 0-1

[Event "Hazel Park (MCO/4/31)"]
[Site "?"]
[Date "1987.??.??"]
[Round "?"]
[White "Naidovich, A.."]
[Black "Bolda, M.."]
[Result "1-0"]
[WhiteElo "1605"]
[BlackElo "1850"]
[PlyCount "62"]
[EventDate "1987.??.??"]

{4/(31)} 1. Nf3 Nf6 2. d4 d5 3. Bf4 Bg4 4. Ne5 Bf5 5. e3 e6 6. Na3 a6 7. c3 Bd6
8. Qb3 b5 9. Be2 c5 10. dxc5 Bxc5 11. O-O O-O 12. Nf3 Nc6 13. Qd1 Qe7 14. b4
Bb6 15. Nb1 Rac8 16. a4 bxa4 17. Bxa6 Rcd8 18. Bb5 Na7 19. Bxa4 Nh5 20. Bg5 f6
21. Bh4 g5 22. Bg3 Nxg3 23. fxg3 Bxe3+ 24. Kh1 e5 25. Bb3 Be6 26. Qe2 Bb6 27.
Ra6 Rd6 28. Nbd2 Bd7 29. c4 Qe8 30. Rfa1 dxc4 31. Nxc4 Re6 1-0

[Event "Allendale (MI Am/2/11)"]
[Site "?"]
[Date "1987.??.??"]
[Round "?"]
[White "Munger, Larry"]
[Black "Weber, K.."]
[Result "1-0"]
[WhiteElo "1680"]
[BlackElo "1605"]
[PlyCount "73"]
[EventDate "1987.??.??"]

{2/(11)} 1. e4 c5 2. d3 Nc6 3. g3 d6 4. Bg2 Nf6 5. f4 e5 6. Nf3 b5 7. Bd2 Be7
8. a3 a5 9. O-O Bb7 10. b3 b4 11. c3 Qb6 12. Be3 Ng4 13. Bf2 exf4 14. axb4 Nxf2
15. Rxf2 cxb4 16. d4 bxc3 17. Nxc3 fxg3 18. hxg3 Nb4 19. e5 Bxf3 20. Bxf3 Rd8
21. Nd5 Nxd5 22. Bxd5 O-O 23. Qf3 Qxd4 24. Rxa5 dxe5 25. Kg2 Bf6 26. Ra4 Qb6
27. Rg4 Rd6 28. Bc4 Rd4 29. Rxd4 Qxd4 30. Qc6 e4 31. Rf4 Qe5 32. Rxe4 Qb8 33.
Rf4 Qa8 34. Qxa8 Rxa8 35. b4 g5 36. Rxf6 Kg7 37. Rxf7+ 1-0

[Event "Allendale (MI Am/4/9)"]
[Site "?"]
[Date "1987.??.??"]
[Round "?"]
[White "Munger, Larry"]
[Black "Scott, M.."]
[Result "1-0"]
[WhiteElo "1680"]
[BlackElo "1605"]
[PlyCount "93"]
[EventDate "1987.??.??"]

{4/(9)} 1. e4 c5 2. d3 d6 3. g3 Nc6 4. Bg2 Nf6 5. Nf3 Bg4 6. O-O h6 7. Be3 Qb6
8. Qc1 O-O-O 9. Nbd2 Bxf3 10. Bxf3 Ne5 11. Bg2 g5 12. b3 Nfg4 13. Nc4 Nxc4 14.
bxc4 Nxe3 15. fxe3 f6 16. Rb1 Qc7 17. e5 b6 18. exf6 exf6 19. Rxf6 Bg7 20. Rf1
g4 21. Qa3 h5 22. Qa6+ Kb8 23. Rf7 Rd7 24. Rxd7 Qxd7 25. Rf1 Rf8 26. Rxf8+ Bxf8
27. Qb5 Qe7 28. Be4 Bh6 29. Kf2 h4 30. Qc6 hxg3+ 31. hxg3 a6 32. Qxb6+ Kc8 33.
Qxa6+ Kd8 34. Qa8+ Kd7 35. Qb7+ Kd8 36. Qb8+ Kd7 37. Bf5+ Kc6 38. Qb5+ Kc7 39.
Qa5+ Kb8 40. Qb6+ Qb7 41. Qxd6+ Ka7 42. Qd7 Qxd7 43. Bxd7 Ka6 44. c3 Bg7 45. d4
cxd4 46. cxd4 Ka5 47. c5 1-0

[Event "Hazel Park (MCO/3/42)"]
[Site "?"]
[Date "1987.??.??"]
[Round "?"]
[White "Morrow, Chris"]
[Black "Naidovich, A.."]
[Result "0-1"]
[WhiteElo "1685"]
[BlackElo "1605"]
[PlyCount "60"]
[EventDate "1987.??.??"]

{3/(42)} 1. e4 e5 2. Nf3 Nc6 3. Bc4 h6 4. c3 Qf6 5. d4 d6 6. h3 Qg6 7. O-O Be7
8. Kh2 h5 9. Bb5 Bd7 10. dxe5 O-O-O 11. exd6 Bxd6+ 12. e5 Nxe5 13. Nd4 Nf3+ 14.
Kh1 Nh4 15. Bxd7+ Rxd7 16. Rg1 Qf6 17. Be3 Qe5 18. g3 Qd5+ 19. f3 Ng6 20. Kg2
h4 21. Ne2 Qe6 22. Qc1 hxg3 23. Rh1 Nh4+ 24. Kg1 g2 25. Kf2 gxh1=Q 26. Qxh1 Nf6
27. Nd2 Nd5 28. Nf1 Ng6 29. Ng1 Nxe3 30. Nxe3 Bc5 0-1

[Event "Hazel Park (MCO/1/7)"]
[Site "?"]
[Date "1987.??.??"]
[Round "?"]
[White "Morrow, Chris"]
[Black "Koster, Ed"]
[Result "1/2-1/2"]
[WhiteElo "1685"]
[BlackElo "2185"]
[PlyCount "96"]
[EventDate "1987.??.??"]

{1/(7)} 1. e4 Nf6 2. e5 Nd5 3. d4 d6 4. Nf3 g6 5. Bc4 Nb6 6. Bb3 Bg7 7. exd6
cxd6 8. O-O O-O 9. Bg5 Nc6 10. Re1 a5 11. a3 h6 12. Bh4 a4 13. Ba2 Bg4 14. c3
g5 15. Bg3 e5 16. dxe5 dxe5 17. Qxd8 Rfxd8 18. h3 Bxf3 19. gxf3 Ra5 20. h4 Rb5
21. hxg5 hxg5 22. Re2 Rd1+ 23. Kg2 Na5 24. c4 Nbxc4 25. Bxc4 Nxc4 26. Nc3 Rxa1
27. Nxb5 Rb1 28. Re4 Rxb2 29. Rxc4 Rxb5 30. Rxa4 Bf8 31. Ra8 Kg7 32. a4 Rd5 33.
Rb8 Ra5 34. Rxb7 Kf6 35. Rb5 Rxb5 36. axb5 Ke6 37. Kf1 Bc5 38. Ke2 Kd5 39. Kd3
Bd4 40. Ke2 Kc5 41. Kd3 f5 42. b6 Kxb6 43. f4 gxf4 44. Bxf4 Kc5 45. Bg3 e4+ 46.
Ke2 Kd5 47. f3 Be5 48. fxe4+ Kxe4 1/2-1/2

[Event "Hazel Park (MCO/6/41)"]
[Site "?"]
[Date "1987.??.??"]
[Round "?"]
[White "Morrow, Chris"]
[Black "Cowan, W.."]
[Result "1-0"]
[WhiteElo "1685"]
[BlackElo "1605"]
[PlyCount "97"]
[EventDate "1987.??.??"]

{6/(41)} 1. e4 c5 2. Nf3 d6 3. d4 cxd4 4. Nxd4 Nf6 5. Nc3 e6 6. f3 a6 7. Bc4
Be7 8. Be3 Bd7 9. Qd2 Nc6 10. O-O-O Nxd4 11. Bxd4 Rc8 12. Bb3 e5 13. Be3 O-O
14. g4 h6 15. g5 hxg5 16. Bxg5 Nh7 17. Bxe7 Qxe7 18. Qxd6 Qxd6 19. Rxd6 Bc6 20.
Rg1 Kh8 21. Bd5 Bxd5 22. Nxd5 Rfd8 23. Rxd8+ Rxd8 24. h4 Nf8 25. Ne3 Ne6 26.
Nd5 Nd4 27. Rf1 Ne2+ 28. Kd2 Nf4 29. c4 Kg8 30. Kc2 Ne6 31. Rd1 Nd4+ 32. Kb1
Ne6 33. b4 Kf8 34. Kb2 Rc8 35. Nb6 Rd8 36. Rxd8+ Nxd8 37. Nd7+ Ke7 38. Nxe5 Ne6
39. Kc3 f6 40. Nd3 b6 41. a4 Kd6 42. f4 g6 43. e5+ fxe5 44. fxe5+ Kc6 45. Kd2
Kd7 46. Ke3 Ke7 47. Nf4 Nf8 48. Ke4 Nd7 49. Kd5 1-0

[Event "Lansing (MI Op/4/7)"]
[Site "?"]
[Date "1987.??.??"]
[Round "?"]
[White "Morris, Jason"]
[Black "Thomas, C.."]
[Result "1-0"]
[WhiteElo "1925"]
[BlackElo "2130"]
[PlyCount "81"]
[EventDate "1987.??.??"]

{4/(7)} 1. e4 e6 2. d4 d5 3. Nd2 c5 4. Ngf3 Nc6 5. c3 Nf6 6. e5 Nd7 7. Bd3 cxd4
8. cxd4 Qb6 9. Nb3 a5 10. a4 Bb4+ 11. Kf1 Be7 12. h4 Nb4 13. Bb5 f6 14. Rh3 O-O
15. h5 fxe5 16. Bxd7 Bxd7 17. Nxe5 Be8 18. Qg4 Bf6 19. Bf4 Bf7 20. Nd7 Qd8 21.
Nxf8 Kxf8 22. Rc1 Nc6 23. Qg3 Rc8 24. Qc3 Qe8 25. h6 g6 26. Be5 Bg5 27. f4 Be7
28. Nc5 Nxe5 29. fxe5 Bxc5 30. dxc5 Qxa4 31. Qf3 Qb5+ 32. Kg1 Ke8 33. Qf6 Rc7
34. Rf3 Re7 35. Qh8+ Kd7 36. Qb8 Qb4 37. Qd6+ Ke8 38. c6 bxc6 39. Qxc6+ Kf8 40.
Qc8+ Re8 41. Rxf7+ 1-0

[Event "Lansing (MI Op/6/10)"]
[Site "?"]
[Date "1987.??.??"]
[Round "?"]
[White "Morris, Jason"]
[Black "Kulbacki, James"]
[Result "1/2-1/2"]
[WhiteElo "1925"]
[BlackElo "2125"]
[PlyCount "35"]
[EventDate "1987.??.??"]

{6/(10)} 1. e4 e6 2. d4 d5 3. Nd2 Nf6 4. e5 Nfd7 5. Bd3 c5 6. c3 Nc6 7. Ne2
cxd4 8. cxd4 f6 9. exf6 Nxf6 10. Nf3 Bd6 11. O-O O-O 12. Bf4 Ng4 13. Bg3 e5 14.
dxe5 Ncxe5 15. Nxe5 Nxe5 16. Bc2 Qe7 17. Nf4 Bg4 18. Qxd5+ 1/2-1/2

[Event "Lansing (MI Op/2/13)"]
[Site "?"]
[Date "1987.??.??"]
[Round "?"]
[White "Morris, Jason"]
[Black "Bohley, D.."]
[Result "1/2-1/2"]
[WhiteElo "1925"]
[BlackElo "2090"]
[PlyCount "54"]
[EventDate "1987.??.??"]

{2/(13)} 1. e4 e5 2. Nf3 Nc6 3. Bb5 Nd4 4. Nxd4 exd4 5. O-O Ne7 6. d3 c6 7. Bc4
d5 8. exd5 cxd5 9. Bb3 Nc6 10. Qh5 Be6 11. Re1 g6 12. Qxd5 Be7 13. Qxd8+ Nxd8
14. Bf4 O-O 15. Nd2 Bb4 16. Re2 Bxd2 17. Bxd2 Bxb3 18. axb3 Ne6 19. Ra4 Rfc8
20. Rc4 Rd8 21. g3 Rd6 22. Bb4 Ra6 23. Ba3 b5 24. Rb4 Rb6 25. c4 dxc3 26. bxc3
Rd8 27. Re5 a6 1/2-1/2

[Event "Lansing (MI Op/4/28)"]
[Site "?"]
[Date "1987.??.??"]
[Round "?"]
[White "Moore, Robert"]
[Black "Mellen, Steve"]
[Result "1-0"]
[WhiteElo "1805"]
[BlackElo "1955"]
[PlyCount "111"]
[EventDate "1987.??.??"]

{4/(28)} 1. e4 Nf6 2. e5 Nd5 3. c4 Nb6 4. d4 d6 5. f4 dxe5 6. fxe5 Nc6 7. Be3
Bf5 8. Nc3 e6 9. Nf3 Be7 10. Be2 O-O 11. O-O f6 12. exf6 Bxf6 13. d5 exd5 14.
cxd5 Nb4 15. Rc1 Kh8 16. Bc5 Be7 17. Bxe7 Qxe7 18. a3 Qc5+ 19. Qd4 Nd3 20. Qxc5
Nxc5 21. Nb5 Bd3 22. Bxd3 Nxd3 23. Rxc7 Nxb2 24. Rxb7 Nxd5 25. Rxa7 Nc4 26.
Rxa8 Rxa8 27. Nfd4 h6 28. Ra1 Ra4 29. Kf2 g5 30. g3 h5 31. Nc2 Ra5 32. Ncd4 h4
33. gxh4 gxh4 34. Kf3 Ra4 35. Ke4 Nde3 36. Kd3 Ng4 37. Kc3 Nxh2 38. Rh1 Nxa3
39. Kb3 Ra8 40. Nxa3 Rg8 41. Rxh2 Rg3+ 42. Kb4 h3 43. Nac2 Kg8 44. Kc4 Kf7 45.
Kd5 Kg6 46. Ke4 Kg5 47. Ne3 Kf6 48. Ndf5 Rg8 49. Rxh3 Ra8 50. Nd5+ Kg6 51. Rg3+
Kf7 52. Rg7+ Kf8 53. Ke5 Ra5 54. Rb7 Kg8 55. Ke6 Ra1 56. Nf6+ 1-0

[Event "Lansing (MI Op/2/33)"]
[Site "?"]
[Date "1987.??.??"]
[Round "?"]
[White "Moore, Robert"]
[Black "Hobbs, Raymond"]
[Result "1-0"]
[WhiteElo "1805"]
[BlackElo "1915"]
[PlyCount "72"]
[EventDate "1987.??.??"]

{2/(33)} 1. e4 e6 2. d4 d5 3. Nc3 Bb4 4. e5 c5 5. Nf3 Nc6 6. a3 cxd4 7. axb4
dxc3 8. bxc3 Qc7 9. Bf4 Nge7 10. Bd3 Ng6 11. Bxg6 fxg6 12. O-O O-O 13. Qd2 Bd7
14. Rfe1 Ne7 15. Bg5 Nc6 16. h4 h6 17. b5 Nxe5 18. Nxe5 hxg5 19. Nxg6 Rf6 20.
Qd3 Qc5 21. Ne5 Bxb5 22. Qg3 Raf8 23. Ng4 R6f7 24. Qe5 Qe7 25. Rxa7 Ba6 26. Qd4
Qd6 27. Re5 Rf4 28. Qe3 Ra4 29. g3 Ra1+ 30. Kh2 Kf7 31. Rxg5 d4 32. Ne5+ Kg8
33. cxd4 Qe7 34. f4 Ra3 35. Qd2 Qd6 36. Rh5 Qb6 $138 1-0

[Event "Lansing (MI Op/7/24)"]
[Site "?"]
[Date "1987.??.??"]
[Round "?"]
[White "Moore, Robert"]
[Black "Feldstein, R.."]
[Result "0-1"]
[WhiteElo "1805"]
[BlackElo "2030"]
[PlyCount "118"]
[EventDate "1987.??.??"]

{7/(24)} 1. e4 Nf6 2. e5 Nd5 3. c4 Nb6 4. d4 d6 5. f4 dxe5 6. fxe5 c5 7. dxc5
Qxd1+ 8. Kxd1 N6d7 9. Nf3 Nxc5 10. Nc3 Nc6 11. Be3 Nd7 12. Bf4 g6 13. Nd5 Kd8
14. e6 fxe6 15. Nc7 e5 16. Ne6+ Ke8 17. Nfg5 Nf6 18. Bg3 Bxe6 19. Nxe6 Kf7 20.
Ng5+ Kg8 21. c5 h6 22. Bc4+ Kg7 23. Ne6+ Kh7 24. Rf1 Rc8 25. Ke1 Nd4 26. Rc1
Nxe6 27. Bxe6 Rc6 28. Bb3 e4 29. Be5 Bg7 30. Rf2 Rhc8 31. Bd4 b5 32. h3 Re8 33.
g4 e5 34. Be3 g5 35. Rd1 Bf8 36. a4 a6 37. axb5 axb5 38. Bf7 Rec8 39. b4 Kg7
40. Bb3 Ra6 41. Bd2 Ra3 42. Rb1 Rd8 43. Bc3 Rd3 44. Bxe5 Rdxb3 45. Rxb3 Rxb3
46. Rxf6 Kg8 47. c6 Bxb4+ 48. Kd1 Rd3+ 49. Kc2 Ba5 50. Rxh6 Rd5 51. Re6 Kf7 52.
Rf6+ Ke7 53. Bb2 Rd2+ 54. Kc1 Rxb2 55. Rh6 Rf2 56. Rg6 Kf7 57. Rxg5 e3 58. c7
e2 59. Re5 Bxc7 0-1

[Event "Lansing (MI Op/5/24)"]
[Site "?"]
[Date "1987.??.??"]
[Round "?"]
[White "Moore, Robert"]
[Black "Dailey, C.."]
[Result "0-1"]
[WhiteElo "1805"]
[BlackElo "1945"]
[PlyCount "104"]
[EventDate "1987.??.??"]

{5/(24)} 1. e4 Nf6 2. e5 Nd5 3. c4 Nb6 4. d4 d6 5. f4 dxe5 6. fxe5 Nc6 7. Be3
Bf5 8. Nc3 e6 9. Nf3 Be7 10. Be2 O-O 11. O-O f6 12. exf6 Bxf6 13. d5 exd5 14.
cxd5 Nb4 15. Nd4 Bxd4 16. Bxd4 N4xd5 17. Nxd5 Nxd5 18. Bc5 Rf7 19. Bc4 c6 20.
Qh5 Bg6 21. Qe5 Rxf1+ 22. Rxf1 Bf7 23. Rd1 Qf6 24. Qxf6 Nxf6 25. Bxf7+ Kxf7 26.
Re1 Nd5 27. a3 b6 28. Bd4 g6 29. b4 Re8 30. Rxe8 Kxe8 31. Kf2 Ke7 32. Kf3 Kd6
33. Ke4 c5 34. Be5+ Kc6 35. b5+ Kxb5 36. Kxd5 Ka4 37. Kc4 Kxa3 38. Bb8 a6 39.
Bc7 b5+ 40. Kxc5 b4 41. Kb6 b3 42. Bd6+ Ka2 43. Be5 b2 44. Bxb2 Kxb2 45. Kxa6
Kc2 46. Kb6 Kd2 47. Kc6 Ke2 48. Kd6 Kf2 49. g4 Kf3 50. h3 Kg3 51. Ke5 Kxh3 52.
Kf4 Kh4 0-1

[Event "Hazel Park (MCO/5/41)"]
[Site "?"]
[Date "1987.??.??"]
[Round "?"]
[White "Moore, H.."]
[Black "Wright, Walter"]
[Result "0-1"]
[WhiteElo "1605"]
[BlackElo "1655"]
[PlyCount "100"]
[EventDate "1987.??.??"]

{5/(41)} 1. d4 Nf6 2. e3 g6 3. Bd3 Bg7 4. Nd2 d5 5. f4 Bg4 6. Ngf3 e6 7. O-O
O-O 8. Qe1 Bf5 9. Ne5 Nbd7 10. Ndf3 Ng4 11. Nxg4 Bxg4 12. Ne5 Bf5 13. e4 dxe4
14. Bxe4 c6 15. c3 Re8 16. Bd2 Bxe4 17. Qxe4 Nf6 18. Qd3 Nd5 19. Rf3 Ne7 20.
Raf1 Qa5 21. Rh3 Qxa2 22. Bc1 Rad8 23. Qg3 Nf5 24. Qg4 h5 25. Rxh5 gxh5 26.
Qxh5 Rf8 27. g4 Qb1 28. g5 Ne7 29. Bd2 Qe4 30. Ng4 Qg6 31. Nh6+ Bxh6 32. Qxh6
Qxh6 33. gxh6 Kh7 34. f5 Nxf5 35. Bg5 Rg8 36. h4 Nxh6 37. Kh1 Rd5 38. Rf6 Rdxg5
39. hxg5 Rxg5 40. Rf4 Rf5 41. Rh4 Rf2 42. Rh2 Rxh2+ 43. Kxh2 Kg6 44. Kg3 Kf5
45. Kf3 e5 46. Ke3 e4 47. c4 Ng4+ 48. Kd2 Kf4 49. Ke2 Ne3 50. b3 Nc2 0-1

[Event "Hazel Park (MCO/3/50)"]
[Site "?"]
[Date "1987.??.??"]
[Round "?"]
[White "Moore, H.."]
[Black "Serwatowski, Felix"]
[Result "1-0"]
[WhiteElo "1605"]
[BlackElo "1605"]
[PlyCount "127"]
[EventDate "1987.??.??"]

{3/(50)} 1. d4 Nf6 2. e3 d5 3. Bd3 e6 4. Nd2 c5 5. c3 c4 6. Bc2 Bd6 7. f4 Nc6
8. Ngf3 Bc7 9. O-O Nd7 10. Ne5 f6 11. Qh5+ Ke7 12. Nxc6+ bxc6 13. Nf3 g6 14.
Qh4 Qf8 15. e4 Ke8 16. e5 f5 17. Ng5 Bd8 18. Qg3 Nb6 19. b3 a5 20. a4 h6 21.
Ba3 Qg8 22. Nh3 Be7 23. Bxe7 Kxe7 24. Qh4+ Ke8 25. Rf3 Ra7 26. b4 axb4 27. cxb4
Qf8 28. Rg3 Rg7 29. a5 Na8 30. Ba4 Kd7 31. b5 cxb5 32. Bxb5+ Kc7 33. Rga3 g5
34. Qe1 Bd7 35. Ba4 g4 36. Nf2 Qb8 37. Rb1 Qa7 38. Qb4 Kc8 39. Qd6 Bxa4 40.
Rxa4 Re8 41. Rab4 Nc7 42. Qc6 Qa8 43. Rb7 g3 44. a6 gxf2+ 45. Kxf2 Kd8 46. Rb8+
Ke7 47. Rxa8 Nxa8 48. Rb7+ Kf8 49. a7 Rxb7 50. Qxb7 h5 51. Qb8 Kf7 52. Qb7+ Kf8
53. Kg3 Rd8 54. Kh4 Ke8 55. Kxh5 c3 56. Qc6+ Ke7 57. Qxc3 Kd7 58. Qc5 Nc7 59.
Kg5 Rg8+ 60. Kf6 Re8 61. Kf7 Rh8 62. Qe7+ Kc8 63. h4 Rxh4 64. Qxh4 1-0

[Event "Hazel Park (MCO/2/48)"]
[Site "?"]
[Date "1987.??.??"]
[Round "?"]
[White "Moore, H.."]
[Black "Ridella, Dennis"]
[Result "0-1"]
[WhiteElo "1605"]
[BlackElo "1605"]
[PlyCount "62"]
[EventDate "1987.??.??"]

{2/(48)} 1. d4 Nf6 2. e3 b6 3. Bd3 Bb7 4. f3 e6 5. Nd2 d5 6. c4 Nbd7 7. Qe2 c5
8. Nb3 Bd6 9. Bd2 O-O 10. Bc3 Rc8 11. Nd2 Qc7 12. f4 dxc4 13. Nxc4 cxd4 14.
Bxd4 Bc5 15. Nf3 Ne4 16. O-O f5 17. Qe1 Bd5 18. Nce5 Bxd4 19. Nxd4 Nxe5 20.
Nxe6 Bxe6 21. Rc1 Qxc1 22. Qb4 Qxe3+ 23. Kh1 Nxd3 24. h3 Ng3+ 25. Kh2 Nxf1+ 26.
Kh1 Rc2 27. Qe7 Qe2 28. Qg5 Bd5 29. Kg1 Qf2+ 30. Kh1 Bxg2+ 31. Qxg2 Qxg2# 0-1

[Event "Hazel Park (MCO/4/9)"]
[Site "?"]
[Date "1987.??.??"]
[Round "?"]
[White "Mooney, E.."]
[Black "Mazuchowski, Tom"]
[Result "0-1"]
[WhiteElo "1975"]
[BlackElo "2120"]
[PlyCount "132"]
[EventDate "1987.??.??"]

{4/(9)} 1. e4 c5 2. Nf3 Nc6 3. d3 g6 4. g3 Bg7 5. Bg2 d6 6. O-O Nf6 7. Nbd2 O-O
8. Nh4 e5 9. c3 Be6 10. Qe1 Nh5 11. f4 exf4 12. gxf4 Bf6 13. Ndf3 Qd7 14. Ng5
Bxg5 15. fxg5 Ne5 16. Qd2 c4 17. dxc4 Bxc4 18. Rd1 Qg4 19. b3 Bd3 20. Qe1 Bxe4
21. h3 Qxg2+ 22. Nxg2 Nf3+ 23. Kf2 Nxe1 24. Rxe1 Bxg2 25. Kxg2 f5 26. gxf6 Rxf6
27. Re7 Rf7 28. Re6 Rd8 29. Bg5 Nf4+ 30. Bxf4 Rxf4 31. Rd1 d5 32. Re7 Rf7 33.
Re5 Rfd7 34. Kf3 Rf7+ 35. Ke3 Rc8 36. Rd3 Rcf8 37. Rexd5 b6 38. Rd7 Re8+ 39.
Kd2 Rf2+ 40. Kd1 Rxa2 41. Rf3 Re5 42. Rff7 Rd5+ 43. Rxd5 Kxf7 44. Rd7+ Kg8 45.
c4 Rb2 46. Rxa7 Rxb3 47. Rb7 Rc3 48. Rxb6 Rxc4 49. Rb3 Re4 50. Kd2 Kg7 51. Kd3
Re7 52. Rb6 Kh6 53. Rb4 Kh5 54. Rg4 g5 55. Rc4 Re6 56. Rb4 Kg6 57. h4 h6 58.
hxg5 hxg5 59. Re4 Rxe4 60. Kxe4 Kh5 61. Kf3 Kh4 62. Kg2 Kg4 63. Kf2 Kh3 64. Kg1
g4 65. Kh1 g3 66. Kg1 g2 0-1

[Event "Hazel Park (MCO/2/22)"]
[Site "?"]
[Date "1987.??.??"]
[Round "?"]
[White "Mooney, E.."]
[Black "Jones, D.."]
[Result "1-0"]
[WhiteElo "1975"]
[BlackElo "1605"]
[PlyCount "67"]
[EventDate "1987.??.??"]

{2/(22)} 1. e4 e5 2. Nf3 Nc6 3. Bb5 a6 4. Ba4 b5 5. Bb3 Nf6 6. O-O Nxe4 7. Re1
Nf6 8. Nxe5 Nxe5 9. Rxe5+ Be7 10. Qe1 d6 11. Re2 Bb7 12. d4 Nd5 13. Bg5 f6 14.
Bd2 c5 15. dxc5 dxc5 16. c4 bxc4 17. Bxc4 Qb6 18. Bxd5 Qc7 19. Bf4 Qd7 20. Bxb7
Qxb7 21. Bd6 Ra7 22. Bxc5 O-O 23. Bxa7 Bd6 24. Bd4 Rf7 25. Re8+ Bf8 26. Nc3
Qxb2 27. Rb1 Qa3 28. Rbb8 h6 29. Ne4 Rc7 30. Rxf8+ Kh7 31. Nxf6+ gxf6 32. Qe4+
Kg7 33. Qg4+ Kh7 34. Rh8# 1-0

[Event "Hazel Park (MCO/6/12)"]
[Site "?"]
[Date "1987.??.??"]
[Round "?"]
[White "Mooney, E.."]
[Black "Bauerle, Paul"]
[Result "0-1"]
[WhiteElo "1975"]
[BlackElo "2045"]
[PlyCount "98"]
[EventDate "1987.??.??"]

{6/(12)} 1. e4 e6 2. d3 d5 3. Nd2 c5 4. Ngf3 Ne7 5. g3 Nbc6 6. Bg2 g6 7. O-O
Bg7 8. Re1 O-O 9. a4 b6 10. Nf1 Ba6 11. Nh4 d4 12. f4 e5 13. f5 Rc8 14. g4 Nb4
15. g5 f6 16. Ng3 c4 17. Bd2 Qd6 18. dxc4 Bxc4 19. Bf1 Bxf1 20. Rxf1 Nxc2 21.
Rc1 d3 22. Kh1 fxg5 23. Bxg5 Bf6 24. Qd2 Qb4 25. Qxb4 Nxb4 26. Rxc8 Nxc8 27.
fxg6 Bxg5 28. gxh7+ Kxh7 29. Rxf8 Bxh4 30. Rxc8 d2 31. Rc7+ Kg6 32. Rd7 Bg5 33.
Rd6+ Kf7 34. Nf1 Ke7 35. Rxd2 Bxd2 36. Nxd2 Nd3 37. b3 Kf6 38. Kg2 Kg5 39. Kg3
Nf4 40. Nf3+ Kf6 41. h4 Nd3 42. h5 Nc5 43. Kg4 Nxb3 44. Nxe5 Nc5 45. Kf4 Ne6+
46. Kg4 Kxe5 47. h6 Nf8 48. Kg5 a6 49. a5 bxa5 0-1